| 000 -LEADER |
| fixed length control field |
02486nam a2200337 a 4500 |
| 001 - CONTROL NUMBER |
| control field |
ASIN0415522668 |
| 005 - DATE AND TIME OF LATEST TRANSACTION |
| control field |
20170105102846.0 |
| 008 - FIXED-LENGTH DATA ELEMENTS--GENERAL INFORMATION |
| fixed length control field |
130816s2012 xxu eng d |
| 020 ## - INTERNATIONAL STANDARD BOOK NUMBER |
| International Standard Book Number |
0415522668 (hardcover) |
| Terms of availability |
$130.00 |
| 020 ## - INTERNATIONAL STANDARD BOOK NUMBER |
| International Standard Book Number |
9780415522663 (hardcover) |
| 040 ## - CATALOGING SOURCE |
| Original cataloging agency |
0 |
| 050 04 - LIBRARY OF CONGRESS CALL NUMBER |
| Classification number |
JF1525.C59 |
| 082 04 - DEWEY DECIMAL CLASSIFICATION NUMBER |
| Classification number |
320.014 |
| 245 10 - TITLE STATEMENT |
| Title |
Political communication in china : |
| Remainder of title |
convergence or divergence between the media and political system? / |
| Statement of responsibility, etc. |
Wenfang Tang, Shanto Iyengar. |
| 250 ## - EDITION STATEMENT |
| Edition statement |
1st ed. |
| 260 ## - PUBLICATION, DISTRIBUTION, ETC. |
| Place of publication, distribution, etc. |
[S.l.] : |
| Name of publisher, distributor, etc. |
Routledge, |
| Date of publication, distribution, etc. |
2012. |
| 300 ## - PHYSICAL DESCRIPTION |
| Extent |
144 p. ; |
| Dimensions |
25 cm. |
| 520 ## - SUMMARY, ETC. |
| Summary, etc. |
It is widely recognised that the Chinese Communist Party (CCP) uses the media to set the agenda for political discourse, propagate official policies, monitor public opinion, and rally regime support. State agencies in China control the full spectrum of media programming, either through ownership or the power to regulate. Political Communication in China examines the two factors which have contributed to the rapid development of media infrastructure in China: technology and commercialization. Economic development led to technological advancement, which in turn brought about the rapid modernization of all forms of communication, from ‘old’ media such as television to the Internet, cell phones, and satellite communications. This volume examines how these recent developments have affected the relationship between the CCP and the mass media as well as the implications of this evolving relationship for understanding Chinese citizens’ media use, political attitudes, and behaviour. The chapters in this book represent a diverse range of research methods, from surveys, content analysis, and field interviews to the manipulation of aggregate statistical data. The result is a lively debate which creates many opportunities for future research into the fundamental question of convergence between political and media regimes. This book was originally published as a special issue of the journal Political Communication. |
| 650 #0 - SUBJECT ADDED ENTRY--TOPICAL TERM |
| Topical term or geographic name entry element |
China |
| 650 #0 - SUBJECT ADDED ENTRY--TOPICAL TERM |
| Topical term or geographic name entry element |
Communication in politics |
| 650 #0 - SUBJECT ADDED ENTRY--TOPICAL TERM |
| Topical term or geographic name entry element |
Communication policy |
| 650 #0 - SUBJECT ADDED ENTRY--TOPICAL TERM |
| Topical term or geographic name entry element |
Communication--Political aspects |
| 650 #0 - SUBJECT ADDED ENTRY--TOPICAL TERM |
| Topical term or geographic name entry element |
Internet--Political aspects |
| 650 #0 - SUBJECT ADDED ENTRY--TOPICAL TERM |
| Topical term or geographic name entry element |
Mass media |
| 650 #0 - SUBJECT ADDED ENTRY--TOPICAL TERM |
| Topical term or geographic name entry element |
Mass media policy |
| 650 #0 - SUBJECT ADDED ENTRY--TOPICAL TERM |
| Topical term or geographic name entry element |
Press coverage |
| 700 1# - ADDED ENTRY--PERSONAL NAME |
| Personal name |
Iyengar, Shanto. |
| 700 1# - ADDED ENTRY--PERSONAL NAME |
| Personal name |
Tang, Wenfang. |
| 856 40 - ELECTRONIC LOCATION AND ACCESS |
| Materials specified |
Amazon.com |
| Uniform Resource Identifier |
<a href="http://www.amazon.com/exec/obidos/ASIN/0415522668/chopaconline-20">http://www.amazon.com/exec/obidos/ASIN/0415522668/chopaconline-20</a> |
| 942 ## - ADDED ENTRY ELEMENTS (KOHA) |
| Source of classification or shelving scheme |
|
| Koha item type |
Book |